000 00727nam a2200229Ii 4500
003 JO-AjNU
005 20240708113226.0
008 230605s9999||||xx |||||||||||||| ||und||
040 _aJO-AjNU
_bara
_erda
_cJO-AjNU
041 _aara
050 1 4 _aK564.C6.A9982.2011
100 3 _a العزام، سهيل محمد ,
_eauthor
_950447
245 0 0 _aجرائم تكنولوجيا المعلومات
250 _aط1
264 3 1 _aد ، م : د ، ن ،2011
300 _a200ص
336 _atext
_btxt
_2rdacontent
337 _aunmediated
_bn
_2rdamedia
338 _avolume
_bnc
_2rdacarrier
650 4 _aجرائم الحاسبات الإلكترونية -- الجريمة والمجرمون
_950448
942 _2lcc
_cBK
999 _c25791
_d25791